| 000 | 02244nam2a22002771 4500 | ||
|---|---|---|---|
| 001 | rc\4073804 | ||
| 005 | 20250611081428.0 | ||
| 021 |
_aRU _b[55-60045] |
||
| 035 | _a(NLR Aleph) 008121471 | ||
| 090 |
_a9366671 _c9366671 |
||
| 100 | _a20130415d1955 |||y0rusy50 ca | ||
| 101 | 0 | _arus | |
| 102 | _aRU | ||
| 105 | _aa z ||||| | ||
| 200 | 1 |
_aМетодические основы проектирования архитектурных конструкций и их элементов _fКанд. архитектуры доц. А.В. Рот _gПроф. д-р техн. наук В.Л. Гофман, профессоры В.А. Витман, П.В. Прейс [и др.] |
|
| 210 |
_d1955 _aБ. м. |
||
| 215 |
_a90 с. _cил. _d22 |
||
| 461 | 0 |
_1001rc\4073802 _12001#$aМетодическое руководство по курсу "Архитектура"$eДля студентов специальностей "Пром. и гражданское строительство"$fПроф. д-р техн. наук Гофман В.Л., проф. Прейс П.В., доц. канд. архитектуры Кашин К.И. [и др.]. Вып. 1-$g[М-во высш. образования СССР]. Кафедра архитектуры и истории архитектуры Ленингр. ордена Труд. Красного Знамени инж.-строит. ин-та. Отд-ние заоч. обучения$vВып. 7 _99366661 _cЛенинград _d1950 [вып. дан. 1951] _fПроф. д-р техн. наук Гофман В.Л., проф. Прейс П.В., доц. канд. архитектуры Кашин К.И. [и др.]. Вып. 1- _nБ. и. _oДля студентов специальностей "Пром. и гражданское строительство" _tМетодическое руководство по курсу "Архитектура" _vВып. 7 |
|
| 606 |
_aАрхитектурное проектирование _jПособия заочные (вып. 7) _2psbo |
||
| 701 | 1 |
_aВитман _bВ.А. |
|
| 701 | 1 |
_aРот _bА.В. _gАнатолий Викторович |
|
| 801 | 0 |
_aRU _bNLR _gpsbo |
|
| 801 | 1 |
_aRU _bELAR _2rusmarc |
|
| 852 |
_aNLR _jИс20 Г-4/124 |
||
| 942 | _cBOOK | ||
| 980 | _aNB | ||